000 00915nam a22002777a 4500
001 BR7907953
003 BR-BrBNA
005 20230928090321.0
007 ta
008 230509b bl.||||| |||| 00| 0 por d
040 _aBR-BrBNA
_bpor
_cBiblioteca Nacional de Agricultura
041 _a(Por)
072 _aF00
_b0210
_b/G514
090 _ 0210 BR7907953
110 1 _aCompanhia Paranaense de Silos e Armazens, Curitiba (Brasil)
_92485
245 1 _aEstudo preliminar para implantacao de uma unidade armazenadora a frio para batata semente [Parana, Brasil]
260 3 _aCuritiba, PR (Brasil):
_c1979.
300 _a12 p.
500 _a(*) Documento disponível no(a) Companhia Paranaense de Silos e Armazens, Curitiba (Brazil). Biblioteca
650 _aARMAZENAMENTO
650 _aBATATA SEMENTE
650 _aREFRIGERACAO
650 _aPARANA
909 _a202309
_bLucia
_c55
_dLucia Elande
942 _cBK
999 _c28421
_d28421